| 000 | 00738nam a2200229 i 4500 | ||
|---|---|---|---|
| 001 | 125549 | ||
| 003 | ES-MaACL | ||
| 005 | 20250815150457.0 | ||
| 007 | t| | ||
| 008 | 070619s1972 sp ||||1| spa d | ||
| 100 | 1 |
_aVygotskii, L. S., _d1896-1934 _9115788 |
|
| 245 | 1 | 0 |
_aPsicología del arte / _c[traducción del ruso de Victoriano Imbert]. |
| 260 |
_aBarcelona : _bBarral, _c1972. |
||
| 300 |
_a527 p. ; _c24 cm. |
||
| 490 | 1 |
_aBreve biblioteca de reforma ; _v6 |
|
| 650 | 7 |
_aEstética marxista _2embne _912547 |
|
| 650 | 1 | 4 |
_aArte- _xPsicología. _910128 |
| 700 | 1 |
_aImbert, Victoriano. _965215 |
|
| 830 | 0 |
_aBreve biblioteca de reforma _v6 _9186650 |
|
| 852 |
_aES-MaACL _jC-43129 _bR.82027 |
||
| 999 |
_c125549 _d125549 |
||